[Event "HUN-chT 2223"]
[Site "Hungary"]
[Date "2023.01.29"]
[Round "4.12"]
[White "Lakos, Nikoletta"]
[Black "Konyves, Almos"]
[Result "1/2-1/2"]
[WhiteElo "2203"]
[BlackElo "2232"]
[PlyCount "94"]
[EventDate "2022.11.20"]
[EventType "team-tourn"]
[EventRounds "9"]
[EventCountry "HUN"]
[SourceTitle "CBM 213 Extra"]
[Source "ChessBase"]
[SourceDate "2023.05.31"]
[SourceVersion "1"]
[SourceVersionDate "2023.05.31"]
[SourceQuality "1"]
[WhiteTeam "Haladas"]
[BlackTeam "Ajka Sentimento"]
[WhiteTeamCountry "HUN"]
[BlackTeamCountry "HUN"]

1. e4 e5 2. Nf3 Nc6 3. d3 Nf6 4. Be2 Be7 5. 0-0 0-0 6. Re1 d5 7. Nbd2 Re8 8. h3 h6 9. Bf1 Bf8 10. c3 Be6 11. b4 a6 12. a3 g6 13. Bb2 Bg7 14. Qc2 Nd7 15. exd5 Bxd5 16. c4 Be6 17. Nb3 a5 18. Nxa5 Nxa5 19. bxa5 Rxa5 20. Bc3 Ra6 21. Nxe5 Bxe5 22. Bxe5 Nxe5 23. Rxe5 Qd4 24. Ree1 Rea8 25. Qc1 Kg7 26. Re4 Qf6 27. Rf4 Qg5 28. h4 Qe5 29. d4 Qa5 30. d5 Bd7 31. c5 R6a7 32. c6 bxc6 33. dxc6 Be6 34. Bc4 Qe5 35. Bxe6 Qxe6 36. Qc3+ Kg8 37. Re1 Rxa3 38. Rxe6 Rxc3 39. Re7 Rxc6 40. Rfxf7 Ra1+ 41. Kh2 Ra2 42. Rg7+ Kf8 43. Rgf7+ Kg8 44. Kg3 Rc3+ 45. f3 Rcc2 46. Rg7+ Kf8 47. Rgf7+ Kg8 1/2-1/2

[Event "HUN-ch (Women) 69th"]
[Site "Budapest"]
[Date "2021.12.09"]
[Round "3"]
[White "Lakos, Nikoletta"]
[Black "Terbe, Zsuzsanna"]
[Result "1/2-1/2"]
[WhiteElo "2211"]
[BlackElo "2159"]
[PlyCount "57"]
[EventDate "2021.12.07"]
[EventType "tourn"]
[EventRounds "7"]
[EventCountry "HUN"]
[EventCategory "2"]
[SourceTitle "CBM 205 Extra"]
[Source "ChessBase"]
[SourceDate "2022.01.31"]
[SourceVersion "1"]
[SourceVersionDate "2022.01.31"]
[SourceQuality "1"]

1. e4 e5 2. Nf3 Nc6 3. Be2 Nf6 4. d3 d5 5. Nbd2 Bd6 6. c3 0-0 7. 0-0 h6 8. Re1 Re8 9. Bf1 a5 10. a4 Ne7 11. d4 dxe4 12. dxe5 exf3 13. exf6 fxg2 14. Bxg2 Nf5 15. Rxe8+ Qxe8 16. fxg7 Qe5 17. Qh5 Qxg7 18. Ne4 Be7 19. Ng3 Bg5 20. Nxf5 Bxf5 21. f4 Bg6 22. Qh3 Rd8 23. Be3 Be7 24. f5 Bh7 25. Rf1 Bg5 26. Bd4 Bf6 27. Be3 Bg5 28. Bd4 Bf6 29. Be3 1/2-1/2

[Event "HUN-chT 2122"]
[Site "Hungary"]
[Date "2021.10.10"]
[Round "1.12"]
[White "Havanecz, Bianka"]
[Black "Lakos, Nikoletta"]
[Result "1/2-1/2"]
[WhiteElo "2224"]
[BlackElo "2215"]
[PlyCount "61"]
[EventDate "2021.10.10"]
[EventType "team-tourn"]
[EventRounds "9"]
[EventCountry "HUN"]
[SourceTitle "EXT 2023"]
[Source "ChessBase"]
[SourceDate "2022.10.05"]
[SourceVersion "1"]
[SourceVersionDate "2022.10.05"]
[SourceQuality "1"]
[WhiteTeam "Kobanya Aquarena"]
[BlackTeam "Haladas"]
[WhiteTeamCountry "HUN"]
[BlackTeamCountry "HUN"]

1. d4 d6 2. c4 e5 3. Nc3 c6 4. Nf3 Qc7 5. e4 Nf6 6. Be2 Be7 7. 0-0 0-0 8. Bg5 h6 9. Bh4 Bg4 10. Rc1 Bxf3 11. Bxf3 Nxe4 12. Bxe7 Nxc3 13. Bxd6 Qxd6 14. bxc3 Nd7 15. Qb3 Rab8 16. Rcd1 Qg6 17. Rfe1 Rfe8 18. Be2 e4 19. c5 Nf6 20. c4 Nd7 21. f3 b6 22. cxb6 axb6 23. fxe4 Rxe4 24. Bf3 Rxe1+ 25. Rxe1 Qd6 26. d5 Ne5 27. dxc6 Nxc6 28. Bd5 Qc5+ 29. Kh1 Ne7 30. Bf3 Rd8 31. Qe3 1/2-1/2

[Event "HUN-chT 1819"]
[Site "Hungary"]
[Date "2019.02.10"]
[Round "5.1"]
[White "Gyorkos, Lajos"]
[Black "Lakos, Nikoletta"]
[Result "1-0"]
[WhiteElo "2307"]
[BlackElo "2247"]
[PlyCount "105"]
[EventDate "2018.11.17"]
[EventType "team-tourn"]
[EventRounds "9"]
[EventCountry "HUN"]
[SourceTitle "CBM 188 Extra"]
[Source "ChessBase"]
[SourceDate "2019.02.26"]
[SourceVersion "1"]
[SourceVersionDate "2019.02.26"]
[SourceQuality "1"]
[WhiteTeam "Paks"]
[BlackTeam "HVSE Infraplan"]
[WhiteTeamCountry "HUN"]
[BlackTeamCountry "HUN"]

1. Nf3 d6 2. g3 e5 3. Bg2 f5 4. c4 Nf6 5. d4 e4 6. Ng5 h6 7. Nh3 g5 8. f3 Qe7 9. 0-0 Bg7 10. Nc3 0-0 11. fxe4 fxe4 12. Be3 c6 13. Rc1 Na6 14. Nf2 d5 15. cxd5 cxd5 16. Qb3 Be6 17. Nb5 Ne8 18. Bd2 Kh8 19. e3 Rf7 20. Nd1 b6 21. Rxf7 Qxf7 22. Bf1 Nb8 23. Bb4 a6 24. Nd6 Nxd6 25. Bxd6 Nd7 26. Rc2 h5 27. Rf2 Qg6 28. Nc3 Bf7 29. Ba3 Qe6 30. Qb4 b5 31. Qe7 Qxe7 32. Bxe7 Bh6 33. Rc2 Rc8 34. Be2 g4 35. Kf2 Rc6 36. Bd1 Nb6 37. b3 Be6 38. Ne2 Rxc2 39. Bxc2 Kg7 40. Bd6 Bf7 41. Bd1 Kf6 42. Nf4 Kf5 43. Be2 Be8 44. Ke1 Nc8 45. Bc5 Bxf4 46. gxf4 h4 47. Kf1 Bd7 48. h3 gxh3 49. Kg1 Kf6 50. Kh2 Ne7 51. Bxe7+ Kxe7 52. b4 Kf6 53. Bf1 1-0

[Event "HUN-chT 1819"]
[Site "Hungary"]
[Date "2019.01.27"]
[Round "4.2"]
[White "Karacsonyi, Gellert"]
[Black "Lakos, Nikoletta"]
[Result "1/2-1/2"]
[WhiteElo "2135"]
[BlackElo "2247"]
[PlyCount "39"]
[EventDate "2018.11.17"]
[EventType "team-tourn"]
[EventRounds "9"]
[EventCountry "HUN"]
[SourceTitle "CBM 188 Extra"]
[Source "ChessBase"]
[SourceDate "2019.02.26"]
[SourceVersion "1"]
[SourceVersionDate "2019.02.26"]
[SourceQuality "1"]
[WhiteTeam "Penzugyor"]
[BlackTeam "HVSE Infraplan"]
[WhiteTeamCountry "HUN"]
[BlackTeamCountry "HUN"]

1. e4 d6 2. Nc3 Nf6 3. f4 Bg4 4. Be2 Bxe2 5. Qxe2 Nc6 6. Nf3 e6 7. d3 Be7 8. Be3 d5 9. Bf2 0-0 10. 0-0-0 a6 11. Ng5 Na7 12. h4 Nb5 13. Nb1 c5 14. e5 Nd7 15. Qh5 h6 16. g4 Qe8 17. Rde1 Nc7 18. f5 f6 19. Qxe8 Raxe8 20. Nxe6 1/2-1/2

[Event "HUN-ch (Women)"]
[Site "Budapest"]
[Date "2018.12.09"]
[Round "7"]
[White "Gaal, Zsoka"]
[Black "Lakos, Nikoletta"]
[Result "1/2-1/2"]
[WhiteElo "2020"]
[BlackElo "2243"]
[PlyCount "34"]
[EventDate "2018.12.03"]
[EventType "tourn"]
[EventRounds "9"]
[EventCountry "HUN"]
[SourceTitle "CBM 187 Extra"]
[Source "ChessBase"]
[SourceDate "2018.11.04"]
[SourceVersion "1"]
[SourceVersionDate "2018.11.04"]
[SourceQuality "1"]

1. Nf3 d6 2. d4 Bg4 3. g3 Bxf3 4. exf3 e6 5. Bg2 c6 6. 0-0 g6 7. f4 Bg7 8. c3 Ne7 9. Nd2 d5 10. Qb3 Qb6 11. Qc2 Qa5 12. Qb3 Qb6 13. Qa3 Qa6 14. Qb3 Qb6 15. Qa3 Qa6 16. Qb3 Qb6 17. Qa3 Qa6 1/2-1/2

[Event "HUN-ch (Women)"]
[Site "Budapest"]
[Date "2018.12.05"]
[Round "3"]
[White "Juhasz, Barbara"]
[Black "Lakos, Nikoletta"]
[Result "1-0"]
[WhiteElo "2176"]
[BlackElo "2243"]
[PlyCount "87"]
[EventDate "2018.12.03"]
[EventType "tourn"]
[EventRounds "9"]
[EventCountry "HUN"]
[SourceTitle "CBM 187 Extra"]
[Source "ChessBase"]
[SourceDate "2018.11.04"]
[SourceVersion "1"]
[SourceVersionDate "2018.11.04"]
[SourceQuality "1"]

1. e4 d6 2. d4 Nf6 3. Nc3 e5 4. Nf3 Nbd7 5. Bc4 Be7 6. a4 0-0 7. 0-0 exd4 8. Qxd4 Nb6 9. Ba2 a5 10. h3 Nfd7 11. Bf4 Bf6 12. Qe3 Qe7 13. Nb5 Ne5 14. Bxe5 Bxe5 15. Nxe5 dxe5 16. Bb3 Be6 17. Rad1 Bxb3 18. Qxb3 Qc5 19. Rd3 Rfd8 20. Rc3 Qb4 21. Rxc7 Qxb3 22. cxb3 Nd7 23. Rd1 Nf6 24. Rxd8+ Rxd8 25. Nc3 b6 26. Rc6 h5 27. Rxb6 Rd2 28. b4 Nd7 29. Rb5 Rxb2 30. bxa5 Rc2 31. a6 Rxc3 32. a7 Rc1+ 33. Kh2 Rc8 34. Rb7 Ra8 35. Rxd7 g6 36. Rb7 Kg7 37. Kg3 g5 38. h4 g4 39. f4 gxf3 40. Kxf3 Kg6 41. Rb6+ f6 42. Ra6 Kg7 43. g4 Kg6 44. g5 1-0

[Event "HUN-ch (Women)"]
[Site "Budapest"]
[Date "2018.12.03"]
[Round "1"]
[White "Egyed, Judit"]
[Black "Lakos, Nikoletta"]
[Result "1/2-1/2"]
[WhiteElo "2045"]
[BlackElo "2243"]
[PlyCount "61"]
[EventDate "2018.12.03"]
[EventType "tourn"]
[EventRounds "9"]
[EventCountry "HUN"]
[SourceTitle "CBM 187 Extra"]
[Source "ChessBase"]
[SourceDate "2018.11.04"]
[SourceVersion "1"]
[SourceVersionDate "2018.11.04"]
[SourceQuality "1"]

1. e4 d6 2. d4 Nf6 3. f3 e5 4. d5 Be7 5. Be3 Nfd7 6. c4 a5 7. Bd3 Nc5 8. Bc2 Bg5 9. Qd2 h6 10. Nc3 Nbd7 11. Nge2 Nb6 12. b3 Bxe3 13. Qxe3 Bd7 14. Ng3 Qg5 15. Qxg5 hxg5 16. h3 g6 17. Ke2 a4 18. Rhb1 axb3 19. axb3 Rxa1 20. Rxa1 Ke7 21. Nf1 Na6 22. Ne3 Ra8 23. Bb1 Nb4 24. Rxa8 Nxa8 25. Na2 Nxa2 26. Bxa2 b5 27. Bb1 bxc4 28. bxc4 Nb6 29. Bc2 c5 30. Kd2 Kf8 31. Ke2 1/2-1/2

[Event "HUN-chT 1819"]
[Site "Hungary"]
[Date "2018.12.02"]
[Round "3.5"]
[White "Lakos, Nikoletta"]
[Black "Udvardi, Zalan"]
[Result "1-0"]
[WhiteElo "2247"]
[BlackElo "2230"]
[PlyCount "65"]
[EventDate "2018.11.17"]
[EventType "team-tourn"]
[EventRounds "9"]
[EventCountry "HUN"]
[SourceTitle "CBM 187 Extra"]
[Source "ChessBase"]
[SourceDate "2018.11.04"]
[SourceVersion "1"]
[SourceVersionDate "2018.11.04"]
[SourceQuality "1"]
[WhiteTeam "HVSE Infraplan"]
[BlackTeam "Mako Duocor"]
[WhiteTeamCountry "HUN"]
[BlackTeamCountry "HUN"]

1. e4 c5 2. Nf3 Nc6 3. Bb5 g6 4. 0-0 Bg7 5. Re1 Nh6 6. d3 Ng4 7. Bxc6 dxc6 8. h3 Nf6 9. Nc3 0-0 10. Be3 Nd7 11. Qd2 e5 12. a3 Qe7 13. Na4 a5 14. Qc3 b6 15. b4 cxb4 16. axb4 axb4 17. Qxc6 Rb8 18. Nxb6 Nxb6 19. Bxb6 Bd7 20. Bc5 Qd8 21. Qd6 Re8 22. Ra7 Be6 23. Bxb4 Qf6 24. Bc3 Qd8 25. Qxd8 Rexd8 26. Bxe5 Rbc8 27. Bxg7 Kxg7 28. Ng5 Kf6 29. Nxh7+ Ke5 30. Ra5+ Kd4 31. Re2 Rb8 32. Ng5 Rb1+ 33. Kh2 1-0

[Event "Olympiad Women-43"]
[Site "Batumi"]
[Date "2018.10.01"]
[Round "7.10"]
[White "Lakos, Nikoletta"]
[Black "Gajcin, Marina"]
[Result "1-0"]
[WhiteElo "2258"]
[BlackElo "2170"]
[PlyCount "79"]
[EventDate "2018.09.24"]
[EventType "team-swiss"]
[EventRounds "11"]
[EventCountry "GEO"]
[SourceTitle "EXT 2020"]
[Source "ChessBase"]
[SourceDate "2019.10.17"]
[SourceVersion "1"]
[SourceVersionDate "2019.10.17"]
[SourceQuality "1"]
[WhiteTeam "Hungary (W)"]
[BlackTeam "Serbia (W)"]
[WhiteTeamCountry "HUN"]
[BlackTeamCountry "SRB"]

1. e4 c5 2. Nf3 d6 3. d4 cxd4 4. Qxd4 Nc6 5. Bb5 Bd7 6. Qd3 g6 7. c4 Bg7 8. 0-0 Nf6 9. Nc3 0-0 10. h3 a6 11. Bxc6 Bxc6 12. Nd4 Be8 13. Be3 Nd7 14. Rac1 Rc8 15. b3 Nc5 16. Qe2 Ne6 17. Rfd1 b5 18. Nd5 bxc4 19. Nxe6 fxe6 20. Nb6 Rc6 21. Nxc4 d5 22. Bg5 d4 23. e5 Rc5 24. Qg4 Rf5 25. Rxd4 Qc7 26. Rcd1 Bxe5 27. Nxe5 Qxe5 28. Bxe7 Rc2 29. Bh4 h5 30. Qe4 Qxe4 31. Rxe4 Bf7 32. g4 Ra5 33. Bf6 g5 34. Rd8+ Kh7 35. gxh5 Bxh5 36. Rxe6 Bf7 37. Rb6 Raxa2 38. Bd4 Bg8 39. Rd7+ Bf7 40. Rxf7+ 1-0